000 00672nam a2200193Ia 4500
005 20250508152026.0
008 008 250505s9999 xx 000 0 eng d
037 _aBooks to be hide in OPAC
040 _aFEDL
_beng
_cFEDL
041 _aeng
_2eng
084 _a370.954, IND
_qFEDL
245 0 _aProceedings of the nineteenth meeting of the central advisory board of education in India : Held at New Delhi in March, 1952
245 0 _cIndia. Bureau of Education
260 _aNew Delhi, India
_bThe Manager, Government of India Press
_c1952
300 _a200p.
546 _aPamphlet No. 127
942 _cHB
_h370.954, IND
999 _c1333695
_d1333695